| 000 | 01120nam a22003257a 4500 | ||
|---|---|---|---|
| 003 | CHAP | ||
| 005 | 20220329142006.0 | ||
| 008 | 981201d1998 mx r 00110 spa d | ||
| 010 | _a76742 | ||
| 011 | _a77714 | ||
| 035 | _a87397 | ||
| 040 | _cCHAP | ||
| 090 | _aTesis | ||
| 100 | 0 | 0 |
_aHerrera Corredor, Hugo. _954855 |
| 245 | 1 | 0 |
_aExudados de raíces : _binteracción entre especies vegetales _c/por Hugo Herrera Corredor |
| 260 |
_aChapingo, Méx. : _bEl autor, _c1998. |
||
| 300 |
_a63 h. : _bgráfs. |
||
| 502 | _aTesis (Ing. Agr. Esp. en Parasitología Agrícola) -- UACH. Departamento de Parasitología Agrícola | ||
| 590 |
_aALEPH _b10 _c20130110 _lUCH01 _h1426 |
||
| 590 |
_aBATCH-UPD _b10 _c20130110 _lUCH01 _h0425 |
||
| 590 |
_aBATCH-UPD _b10 _c20130410 _lUCH01 _h0100 |
||
| 590 |
_aBATCH-UPD _b10 _c20130914 _lUCH01 _h1611 |
||
| 590 |
_aCONVERSION _b10 _c20130109 _lUCH01 _h1342 |
||
| 650 | 1 | 4 |
_aRaíces _xExudados. _994674 |
| 901 | _aBK | ||
| 905 | _aAlejandra Carrasco M. | ||
| 942 | _cFOLL | ||
| 949 |
_bBC _cTES _d33724000588232 _eTS2 _fc.2 _h33235 _i87397 _sb |
||
| 949 |
_bBC _cTES _d873971 _eTS1 _h33234 _i87397 _sb |
||
| 999 |
_c76742 _d76742 |
||